The river of the mother of God and other essays / (Record no. 2372)
[ view plain ]
| 000 -LEADER | |
|---|---|
| fixed length control field | 00792pam a2200229 4500 |
| 001 - CONTROL NUMBER | |
| control field | 2954 |
| 005 - DATE AND TIME OF LATEST TRANSACTION | |
| control field | 20181127170130.0 |
| 008 - FIXED-LENGTH DATA ELEMENTS--GENERAL INFORMATION | |
| fixed length control field | 900807s1991 wiua s001 0 eng |
| 010 ## - LIBRARY OF CONGRESS CONTROL NUMBER | |
| LC control number | 90045491 |
| 020 ## - INTERNATIONAL STANDARD BOOK NUMBER | |
| International Standard Book Number | 0299127605 |
| Terms of availability | |
| 100 1# - MAIN ENTRY--PERSONAL NAME | |
| Personal name | Leopold, Aldo, |
| Dates associated with a name | 1886-1948. |
| 245 14 - TITLE STATEMENT | |
| Title | The river of the mother of God and other essays / |
| Statement of responsibility, etc. | by Aldo Leopold ; edited by Susan L. Flader and J. Baird Callicott. |
| 260 ## - PUBLICATION, DISTRIBUTION, ETC. | |
| Place of publication, distribution, etc. | Madison, Wis. : |
| Name of publisher, distributor, etc. | University of Wisconsin Press, |
| Date of publication, distribution, etc. | c1991. |
| 300 ## - PHYSICAL DESCRIPTION | |
| Extent | xv, 384 p. : |
| Other physical details | ill. ; |
| Dimensions | 24 cm. |
| 500 ## - GENERAL NOTE | |
| General note | Includes index. |
| 504 ## - BIBLIOGRAPHY, ETC. NOTE | |
| Bibliography, etc. note | "Publications of Aldo Leopold": p. 349-370. |
| 650 #0 - SUBJECT ADDED ENTRY--TOPICAL TERM | |
| Topical term or geographic name entry element | Natural history |
| General subdivision | Outdoor books. |
| Topical term or geographic name entry element | Nature conservation. |
| 700 1# - ADDED ENTRY--PERSONAL NAME | |
| Personal name | Callicott, J. Baird. |
| Personal name | Flader, Susan. |
| 740 0# - ADDED ENTRY--UNCONTROLLED RELATED/ANALYTICAL TITLE | |
| Uncontrolled related/analytical title | River of the mother of God. |
| Withdrawn status | Lost status | Source of classification or shelving scheme | Damaged status | Not for loan | Collection code | Home library | Current library | Shelving location | Date acquired | Serial Enumeration / chronology | Inventory number | Total Checkouts | Total Renewals | Full call number | Barcode | Date last seen | Date last checked out | Price effective from | Koha item type |
|---|---|---|---|---|---|---|---|---|---|---|---|---|---|---|---|---|---|---|---|
| Dewey Decimal Classification | Main TEST | RTC Library | RTC Library | Main opac | 16/03/2023 | 966 | 4 | 4 | 333.72 LEO | 30001668 | 24/04/2026 | 08/04/2026 | 27/11/2018 | Main |